000 00643nam a2200229Ia 4500
003 OSt
005 20220926035110.0
006 a|||||r|||| 00| 0
007 ta
008 220923b |||||||| |||| 00| 0 eng d
037 _cGeneral Book
040 _aRTL
_cRTL
_beng
041 _2eng
_aeng
082 _aX:75g558:N3:9, G4
100 _aCoates W. P.
_9105993
245 0 _aSecond five year plan of development of the U. S.
260 _c1934
650 _aPlanned Economy
700 _a Coates Zelda K.
_9109186
942 _hX:75g558:N3:9, G4
_cGB
_2CC
999 _c661289
_d661289